| 000 | 00718nam a22002057a 4500 | ||
|---|---|---|---|
| 999 |
_c12629 _d12629 |
||
| 003 | AR-CdUCM | ||
| 008 | 190409b ||||| |||| 00| 0 spa d | ||
| 040 |
_aMUNICIPALIDAD PROVINCIAL DEL CUSCO _cBIBLIOTECA MUNICIPAL DEL CUSCO |
||
| 082 |
_a868.64 / _bB61 / 1935 |
||
| 100 |
_aBlasco Ibañez, Vicente _930560 |
||
| 245 |
_aSonica la cortesana : _bNovela / |
||
| 260 |
_aSantiago : _bErcilla, _c1935. |
||
| 300 |
_a240 páginas ; _c18 cm. |
||
| 505 | _aContenido : Al lector -- El templo de Afrodita -- La ciudad -- Las danzarinas de Gades -- Entre griegos y celtÍberos ... | ||
| 650 |
_aNovela _95 |
||
| 650 |
_aLa cortesana _930561 |
||
| 650 |
_aChile _91150 |
||
| 942 |
_2ddc _cLIBROS |
||
| 945 |
_arah _d09/04/2019 |
||